[Event "NOR-ch U12"]
[Site "Oslo"]
[Date "2015.07.07"]
[Round "5"]
[White "Velle, Vetle"]
[Black "Unneland, Niklas"]
[Result "1-0"]
[WhiteElo "1336"]
[BlackElo "845"]
[PlyCount "66"]
[EventDate "2015.07.04"]
[EventType "swiss"]
[EventRounds "9"]
[EventCountry "NOR"]
[SourceTitle "EXT 2017"]
[Source "ChessBase"]
[SourceDate "2016.10.25"]
[SourceVersion "1"]
[SourceVersionDate "2016.10.25"]
[SourceQuality "1"]

1. c4 c5 2. Nc3 Nc6 3. g3 g6 4. Bg2 Bg7 5. d3 d6 6. e4 Nd4 7. Nge2 Qa5 8. Bd2 Bd7 9. Nd5 Qd8 10. Nxd4 cxd4 11. 0-0 e6 12. Nf4 Qb6 13. b4 a6 14. a4 Ne7 15. a5 Qc7 16. Qb3 0-0 17. b5 axb5 18. cxb5 Qc5 19. Rfb1 Rfc8 20. e5 Re8 21. exd6 Qxd6 22. Bxb7 Ra7 23. a6 Rb8 24. Bb4 Qc7 25. Bxe7 Raxb7 26. axb7 Qxb7 27. Bd6 Rc8 28. b6 e5 29. Ra7 Qc6 30. b7 exf4 31. bxc8Q+ Bxc8 32. Bxf4 Bh3 33. Qb7 Qxb7 1-0